000 00298nam a22001337a 4500
008 170525b xxu||||| |||| 00| 0 eng d
020 _a0830698337
041 _aeng
080 _21ST
_a621.3
100 _a26
101 _aIM
245 _aMAKING&USING ELECTRICITY FROM THE SUN
942 _2udc
_cBK
999 _c14298
_d14298